Statistics for Mirrors - Niall Horan - All Lyrics

Click here to take the quiz!

General Stats

  • This quiz has been taken 8 times
  • The average score is 190 of 234

Answer Stats

Answer% Correct
a
100%
he
100%
He
100%
hear
100%
Her
100%
her,
100%
her
100%
"I
100%
I
100%
in
100%
mirror,
100%
my
100%
Oh-oh-oh
100%
she
100%
She
100%
The
100%
the
100%
to
100%
When
100%
you
100%
And
88%
and
88%
body
88%
come
88%
could
88%
feel
88%
into
88%
know
88%
love
88%
love,
88%
me
88%
night
88%
so
88%
you’re
88%
alive
75%
are
75%
beautiful,
75%
been
75%
behind
75%
blue,
75%
bones
75%
breaking,
75%
closer
75%
did
75%
enough
75%
ever
75%
face
75%
for
75%
have
75%
heart
75%
hides
75%
hold
75%
Just
75%
knows
75%
like
75%
looks
75%
loud
75%
need
75%
nobody
75%
on
75%
shaking
75%
start
75%
told?"
75%
closed
63%
door
63%
feels
63%
floor
63%
little
63%
said
63%
She’s
63%
shy,
63%
skin
63%
smile
63%
touch
63%
wants
63%
while
63%
as
50%
before
50%
breaks
50%
eyes
50%
fight
50%
haven't
50%
hope
50%
skies
50%
slowly
50%
starts
50%
wishing
50%
away,
38%
coffee's
38%
cold
38%
nobody's
38%
side
38%
someone
38%
tired,
38%
walks
38%
around
25%
turned
25%

Score Distribution

Percentile by Number Answered

Percent of People with Each Score

Your Score History

You have not taken this quiz